[Event "RUS-ch Rapid Men 2018"]
[Site "Sochi"]
[Date "2018.10.06"]
[Round "8"]
[White "Nazaretyan, Tigran"]
[Black "Usmanov, Vasily"]
[Result "0-1"]
[WhiteElo "2248"]
[BlackElo "2453"]
[Annotator "ChessBase"]
[PlyCount "114"]
[EventDate "2018.10.05"]
[EventType "swiss"]
[EventCountry "RUS"]
[SourceTitle "playchess.com"]
[Source "ChessBase"]
[SourceQuality "1"]
[TimeControl "900+10"]

1. d4 {[%emt 0:00:00]} Nf6 {[%emt 0:00:01]} 2. c4 {[%emt 0:00:00]} e6 {[%emt 0:00:01]} 3. Nf3 {[%emt 0:00:00]} Bb4+ {[%emt 0:00:01]} 4. Bd2 {[%emt 0:00:09]} Qe7 {[%emt 0:00:01]} 5. g3 {[%emt 0:00:08]} Bxd2+ {[%emt 0:00:01]} 6. Qxd2 {[%emt 0:00:18]} Nc6 {[%emt 0:00:02]} 7. Nc3 {[%emt 0:00:10]} d5 {[%emt 0:00:05]} 8. Bg2 {[%emt 0:01:33]} dxc4 {[%emt 0:00:07]} 9. O-O {[%emt 0:00:17]} O-O {[%emt 0:00:02]} 10. Ne5 {[%emt 0:01:11]} Nxe5 {[%emt 0:00:02]} 11. dxe5 {[%emt 0:00:02]} Nd7 {[%emt 0:00:02]} 12. f4 {[%emt 0:02:39]} Nb6 {[%emt 0:00:32]} 13. Rad1 {[%emt 0:00:25]} Rb8 {[%emt 0:00:06]} 14. e4 {[%emt 0:00:45]} Bd7 {[%emt 0:00:07]} 15. Qe3 {[%emt 0:00:12]} Rfe8 {[%emt 0:02:06]} 16. Rde1 {[%emt 0:00:39]} Bc6 {[%emt 0:00:29]} 17. f5 {[%emt 0:00:35]} Nd7 {[%emt 0:00:26]} 18. Qxa7 {[%emt 0:03:36]} Nxe5 {[%emt 0:00:24]} 19. fxe6 {[%emt 0:00:33]} fxe6 {[%emt 0:01:20]} 20. Qd4 {[%emt 0:00:50]} Nd3 {[%emt 0:01:24]} 21. Re2 {[%emt 0:00:16]} Qc5 {[%emt 0:01:07]} 22. Qxc5 {[%emt 0:00:15]} Nxc5 {[%emt 0:00:01]} 23. Rd2 {[%emt 0:00:37]} Rbd8 {[%emt 0:00:23]} 24. Rfd1 {[%emt 0:00:04]} Rxd2 {[%emt 0:00:43]} 25. Rxd2 {[%emt 0:00:02]} Kf7 {[%emt 0:00:26]} 26. Kf2 {[%emt 0:00:55]} Kf6 {[%emt 0:00:18]} 27. Ke3 {[%emt 0:00:35]} Ke5 {[%emt 0:00:02]} 28. Rf2 {[%emt 0:01:16]} Rd8 {[%emt 0:00:38]} 29. Rf7 {[%emt 0:00:07]} Rd3+ {[%emt 0:00:02]} 30. Ke2 {[%emt 0:00:01]} Rd7 {[%emt 0:00:10]} 31. Rf4 {[%emt 0:01:13]} g5 {[%emt 0:01:33]} 32. Rf1 {[%emt 0:00:36]} Nxe4 {[%emt 0:00:37]} 33. Bxe4 {[%emt 0:00:09]} Bxe4 {[%emt 0:00:02]} 34. Nxe4 {[%emt 0:00:03]} Kxe4 {[%emt 0:00:02]} 35. Rf8 {[%emt 0:00:16]} e5 {[%emt 0:00:55]} 36. Rg8 {[%emt 0:00:17]} h6 {[%emt 0:00:04]} 37. Rg6 {[%emt 0:00:08]} Rd6 {[%emt 0:00:01]} 38. Rg7 {[%emt 0:00:02]} Rb6 {[%emt 0:00:03]} 39. Kd2 {[%emt 0:00:16]} Rxb2+ {[%emt 0:00:08]} 40. Kc3 {[%emt 0:00:01]} Rxa2 {[%emt 0:00:14]} 41. Rxc7 {[%emt 0:00:08]} Rxh2 {[%emt 0:00:04]} 42. Rxc4+ {[%emt 0:00:20]} Kf3 {[%emt 0:00:02]} 43. g4 {[%emt 0:00:11]} e4 {[%emt 0:00:02]} 44. Rc7 {[%emt 0:00:11]} Kxg4 {[%emt 0:00:24]} 45. Kd4 {[%emt 0:00:02]} Rf2 {[%emt 0:00:24]} 46. Kxe4 {[%emt 0:00:16]} Rf4+ {[%emt 0:00:02]} 47. Ke3 {[%emt 0:00:01]} b5 {[%emt 0:00:01]} 48. Rc1 {[%emt 0:00:04]} b4 {[%emt 0:00:06]} 49. Rg1+ {[%emt 0:00:01]} Kf5 {[%emt 0:00:03]} 50. Rh1 {[%emt 0:00:02]} Kg6 {[%emt 0:00:01]} 51. Ra1 {[%emt 0:00:02]} h5 {[%emt 0:00:02]} 52. Rh1 {[%emt 0:00:12]} b3 {[%emt 0:00:07]} 53. Kd3 {[%emt 0:00:15]} h4 {[%emt 0:00:07]} 54. Kc3 {[%emt 0:00:03]} Rf3+ {[%emt 0:00:06]} 55. Kd4 {[%emt 0:00:01]} h3 {[%emt 0:00:06]} 56. Ke4 {[%emt 0:00:03]} g4 {[%emt 0:00:04]} 57. Rc1 {[%emt 0:00:01]} Rf6 {[%emt 0:00:08]} 0-1

[Event "RUS-ch Rapid Men 2018"]
[Site "Sochi"]
[Date "2018.10.06"]
[Round "8"]
[White "Pashkov, Anatolij"]
[Black "Lugovskoy, Maxim"]
[Result "0-1"]
[WhiteElo "2196"]
[BlackElo "2428"]
[Annotator "NA"]
[PlyCount "62"]
[EventDate "2018.10.05"]
[EventType "swiss"]
[EventCountry "RUS"]
[SourceTitle "playchess.com"]
[Source "ChessBase"]
[SourceQuality "1"]
[TimeControl "900+10"]

1. e4 {[%emt 0:00:00]} e6 {[%emt 0:00:00]} 2. d4 {[%emt 0:00:00]} d5 {[%emt 0:00:00]} 3. Nc3 {[%emt 0:00:00]} Bb4 {[%emt 0:00:00]} 4. Bd2 {[%emt 0:00:00]} dxe4 {[%emt 0:00:00]} 5. Qg4 {[%emt 0:00:00]} Nf6 {[%emt 0:00:00]} 6. Qxg7 {[%emt 0:00:01]} Rg8 {[%emt 0:00:00]} 7. Qh6 {[%emt 0:00:00]} b6 {[%emt 0:02:07]} 8. O-O-O {[%emt 0:01:24]} Qe7 {[%emt 0:00:22]} 9. Nge2 {[%emt 0:03:15]} Nbd7 {[%emt 0:00:04]} 10. Bg5 {[%emt 0:01:32]} Bb7 {[%emt 0:00:20]} 11. Qh4 O-O-O 12. d5 {[%emt 0:01:57]} h6 {[%emt 0:02:33]} 13. Bxf6 {[%emt 0:04:07]} Nxf6 {[%emt 0:00:13]} 14. dxe6 {[%emt 0:00:15]} Rxd1+ {[%emt 0:00:04]} 15. Nxd1 {[%emt 0:01:01]} Qxe6 {[%emt 0:00:08]} 16. a3 {[%emt 0:02:30]} Be7 {[%emt 0:00:22]} 17. Nf4 {[%emt 0:00:32]} Qd7 {[%emt 0:01:08]} 18. Qh3 {[%emt 0:00:41]} Ng4 19. Be2 f5 {[%emt 0:00:36]} 20. f3 {[%emt 0:00:02]} Bg5 {[%emt 0:00:34]} 21. fxg4 {[%emt 0:00:42]} Bxf4+ 22. Kb1 fxg4 {[%emt 0:00:16]} 23. Qh5 {[%emt 0:00:01]} Kb8 {[%emt 0:00:41]} 24. Rf1 {[%emt 0:00:01]} Qd2 {[%emt 0:00:04]} 25. Bxg4 {[%emt 0:00:53]} Qc1+ {[%emt 0:00:04]} 26. Ka2 {[%emt 0:00:00]} Rd8 {[%emt 0:01:34]} 27. Rf2 {[%emt 0:00:20]} Bd5+ {[%emt 0:00:37]} 28. b3 {[%emt 0:00:01]} e3 {[%emt 0:00:11]} 29. Re2 {[%emt 0:00:02]} Qxd1 {[%emt 0:00:11]} 30. Rf2 {[%emt 0:00:30]} exf2 {[%emt 0:00:05]} 31. Bxd1 {[%emt 0:00:01]} f1=Q {[%emt 0:00:05]} 0-1

[Event "RUS-ch Rapid Men 2018"]
[Site "Sochi"]
[Date "2018.10.06"]
[Round "8"]
[White "Mikhailovsky, Vladimir"]
[Black "Gochelashvili, David"]
[Result "1-0"]
[WhiteElo "2185"]
[BlackElo "2419"]
[Annotator "TA"]
[PlyCount "109"]
[EventDate "2018.10.05"]
[EventType "swiss"]
[EventCountry "RUS"]
[SourceTitle "playchess.com"]
[Source "ChessBase"]
[SourceQuality "1"]

{[%evp 11,109,0,4,-17,5,0,0,4,35,35,29,22,42,0,4,0,15,16,18,20,25,17,17,25,5,0,32,23,14,-17,0,0,0,0,0,0,0,0,-7,0,0,-47,-47,-45,-34,-33,0,0,23,24,47,38,109,107,102,95,227,220,222,222,229,222,171,149,235,225,220,203,195,179,212,126,136,130,193,184,269,269,347,339,378,332,330,339,345,329,793,773,508,473,1396,1054,1341,1204,1041,921,8544,29946,29979,5222]} 1. g3 g6 2. Bg2 Bg7 3. f4 d5 4. Nf3 Nf6 5. O-O O-O 6. d3 c5 {LiveBook: 475 Games} 7. Ne5 {A03: Bird's Opening with 1...d5} (7. c3 Nc6 8. Na3 Re8 9. Nh4 b6 10. e4 dxe4 11. Qa4 Qxd3 12. Qxc6 Bd7 13. Qc7 Ng4 14. Re1 Bd4+ 15. cxd4 Qxd4+ 16. Be3 Nxe3 {1-0 (58) Carlsen,M (2837)-Adams,M (2715) London 2017}) 7... Nc6 $146 ({Predecessor:} 7... Nbd7 8. Nxd7 Bxd7 9. e4 dxe4 10. dxe4 Bb5 11. Qxd8 Rfxd8 12. Re1 Bc6 13. Nc3 Ne8 14. e5 Bxg2 15. Kxg2 {½-½ (38) Azaladze,S (2503)-Sanikidze,T (2508) Tbilisi 2015}) 8. Nxc6 bxc6 9. e4 {The position is equal.} dxe4 10. dxe4 Ba6 11. Re1 e5 12. Qf3 exf4 13. gxf4 Nh5 14. e5 $1 Rb8 15. Nc3 Qh4 16. Qf2 Qxf2+ $1 17. Kxf2 Bh6 $132 {[%mdl 2048] Black is not keeping still} 18. Kf3 f6 {Threatens to win with ...Bxf4!} 19. e6 Rfe8 20. Na4 Bf8 21. b3 Ng7 {[%cal Bh5g7,Bg7e6,Be6d4][%mdl 32]} 22. Kf2 Rxe6 ({Reject} 22... Nxe6 $6 23. Bxc6 c4 24. c3 $16 (24. Bxe8 Rxe8 25. Nc3 f5 $16)) 23. Rxe6 Nxe6 24. Bxc6 Nd4 25. Bd5+ Kg7 26. c3 Nc2 27. Rb1 Bd3 {Hoping for ...Nb4.} 28. Rb2 Re8 29. Bf3 Bd6 30. Bd1 Na3 31. c4 Nb1 ({Better is} 31... Rd8 $14) 32. Be3 $16 {[#]} g5 $1 {[%mdl 512]} 33. Bh5 (33. fxg5 fxg5) 33... Rd8 (33... Rc8 $16) 34. Nxc5 Bxc5 35. Bxc5 Nc3 {Strongly threatening ...Ne4+.} 36. Bxa7 gxf4 37. Bf3 f5 (37... Bf5 $16 38. a4 Ne4+ 39. Ke1 Rd3 40. Bxe4 Bxe4) 38. Bb6 $18 Rd7 39. c5 Ne4+ 40. Kg1 Kf6 41. b4 (41. c6 $18 Rd6 42. c7) 41... Bb5 $16 {[#]} 42. a4 $1 {[%cal Ra4b5]} Bxa4 (42... Rg7+ $16 43. Rg2 Rxg2+ 44. Bxg2 Bxa4) 43. b5 $18 Rd3 (43... Ng5 $142) 44. Be2 Rc3 {intending ...f3.} 45. c6 {Black must now prevent Bd4+.} Ke6 46. Bd4 Rc1+ 47. Kg2 Kd6 48. Rb4 Bd1 $2 (48... Rc2) 49. Bxd1 Rxd1 {[%mdl 4096] Endgame KRB-KRN} 50. b6 {aiming for b7.} Rd2+ (50... Rxd4 $142 51. Rxd4+ Kxc6) 51. Kf3 Ng5+ 52. Kxf4 {b7 is the strong threat.} Ne6+ 53. Ke3 Rxd4 54. Rxd4+ Nxd4 55. c7 {Precision: White = 76%, Black = 32%.} 1-0

[Event "RUS-ch Rapid Men 2018"]
[Site "Sochi"]
[Date "2018.10.06"]
[Round "9"]
[White "Tomashevsky, Evgeny"]
[Black "Artemiev, Vladislav"]
[Result "1/2-1/2"]
[WhiteElo "2705"]
[BlackElo "2706"]
[Annotator "TA"]
[PlyCount "71"]
[EventDate "2018.10.05"]
[EventType "swiss"]
[EventCountry "RUS"]
[SourceTitle "playchess.com"]
[Source "ChessBase"]
[SourceQuality "1"]

{[%evp 17,71,32,40,24,29,25,31,12,7,0,18,20,27,8,3,0,73,72,74,67,67,67,67,67,68,58,61,60,77,79,79,60,62,65,64,51,68,52,55,51,53,22,52,52,49,43,43,43,50,33,47,33,47,33,40,40]} 1. Nf3 g6 2. e4 d6 3. d4 Nf6 4. Nc3 Bg7 5. Be2 O-O 6. O-O Nc6 7. d5 Nb8 8. Re1 e5 9. dxe6 Bxe6 {LiveBook: 25 Games} 10. h3 {B08: Pirc Defence: Classical System} (10. Nd4 Bd7 11. Bf4 Nc6 12. Nxc6 Bxc6 13. e5 dxe5 14. Qxd8 Raxd8 15. Bxe5 Nd5 16. Bxg7 Kxg7 17. Nxd5 Bxd5 {½-½ (31) Aleksandrov,A (2595)-Smirin,I (2656) Tromsoe 2014}) 10... Nc6 11. Bf4 Re8 12. Qd2 $146 ({Predecessor:} 12. Ng5 Bd7 13. Bc4 Rf8 14. Qd2 Nh5 15. Be3 h6 16. Nxf7 Rxf7 17. Bxf7+ Kxf7 18. Bxh6 Qh4 19. Bg5 {1-0 (19) Bieg Pagel,C (1773)-Pellus Ruiz,J (2194) Barcelona 2017}) 12... d5 13. exd5 Nxd5 14. Nxd5 Qxd5 15. Qxd5 Bxd5 16. c3 Ne5 (16... Rac8 $11 {remains equal.}) 17. Nxe5 $16 Bxe5 18. Bb5 $1 {[%csl LRe5,LRe8]} c6 19. Bxc6 Bxc6 20. Bxe5 Rad8 21. Bf6 Rxe1+ 22. Rxe1 $14 {[%mdl 4096] Endgame KRB-KRB} Rd6 23. Bd4 a6 24. Re7 Kf8 {[#] Strongly threatening ...Rxd4.} 25. Re2 Re6 26. Rd2 Re1+ 27. Kh2 Bb5 28. Bc5+ Ke8 29. Rd6 Re6 30. Rxe6+ {White is slightly better.} fxe6 {KB-KB} 31. g4 Kd7 32. Kg3 e5 33. f3 Ke6 34. Kf2 Bd3 35. Ke3 Bb1 36. a4 {Precision: White = 43%, Black = 57%.} 1/2-1/2

[Event "RUS-ch Rapid Men 2018"]
[Site "Sochi"]
[Date "2018.10.06"]
[Round "9"]
[White "Morozevich, Alexander"]
[Black "Oparin, Grigoriy"]
[Result "1/2-1/2"]
[WhiteElo "2656"]
[BlackElo "2624"]
[Annotator "TA"]
[PlyCount "35"]
[EventDate "2018.10.05"]
[EventType "swiss"]
[EventCountry "RUS"]
[SourceTitle "playchess.com"]
[Source "ChessBase"]
[SourceQuality "1"]

{[%evp 22,35,14,10,16,10,18,13,17,12,25,26,23,21,31,37]} 1. e4 e5 2. Nf3 Nc6 3. Bb5 a6 4. Ba4 Nf6 5. d3 b5 6. Bb3 Bc5 7. Nc3 d6 {C77: Ruy Lopez: 3...a6 4 Ba4 Nf6, unusual lines} 8. Nd5 h6 9. c3 Rb8 10. O-O O-O 11. d4 Ba7 12. Be3 {LiveBook: 25 Games} Ng4 13. a4 b4 14. a5 bxc3 15. bxc3 {[#]} Ne7 $146 ({Predecessor:} 15... exd4 16. cxd4 Nxa5 17. Rxa5 {½-½ (26) Dominguez Perez,L (2732)-Kasimdzhanov,R (2704) Berlin 2015}) 16. dxe5 Nxe3 17. Nxe3 dxe5 18. Nxe5 1/2-1/2

[Event "RUS-ch Rapid Men 2018"]
[Site "Sochi"]
[Date "2018.10.06"]
[Round "9"]
[White "Sarana, Alexey"]
[Black "Paravyan, David"]
[Result "1/2-1/2"]
[WhiteElo "2641"]
[BlackElo "2629"]
[Annotator "TA"]
[PlyCount "100"]
[EventDate "2018.10.05"]
[EventType "swiss"]
[EventCountry "RUS"]
[SourceTitle "playchess.com"]
[Source "ChessBase"]
[SourceQuality "1"]

{[%evp 29,100,-38,-18,-33,-19,-33,0,0,14,14,14,14,14,14,14,-8,6,0,8,7,12,0,0,0,0,0,7,0,6,0,0,0,4,3,5,3,0,0,0,0,0,0,33,34,34,41,27,31,35,14,18,17,28,18,30,8,20,4,21,0,0,0,0,0,0,0,0,0,0,0,0,0,0]} 1. Nf3 d5 2. d4 Nf6 3. c4 c6 4. Nc3 dxc4 5. a4 Bf5 6. Ne5 Nbd7 7. Nxc4 Qc7 8. g3 e5 9. dxe5 Nxe5 10. Bf4 Nfd7 11. Bg2 f6 12. O-O Rd8 13. Nxe5 {D17: Slav Defence: 5 a4 Bf5: Lines with 6 Nh4 and 6 Ne5} (13. Qc1 Be6 14. Ne4 Bb4 15. a5 O-O 16. a6 b5 17. Na3 Qb6 18. Be3 c5 19. Nc2 Nc4 20. Nxb4 Nxe3 21. Nxc5 Nxg2 22. Nxd7 Rxd7 23. Kxg2 {½-½ (111) Giri,A (2690)-Hector,J (2588) Malmo 2011}) 13... Nxe5 14. Qb3 Qf7 15. Qxf7+ Kxf7 {LiveBook: 5 Games} 16. Rfc1 Bb4 $146 ({Predecessor:} 16... Be7 17. Be3 a6 18. Ne4 Be6 19. Bc5 Bd5 20. f4 Nd7 21. Bxe7 Kxe7 {½-½ (29) Mohamad,E (2341)-Taher,Y (2295) Yogyakarta 2016}) 17. Ne4 Bxe4 18. Bxe4 Rd4 19. Bc2 Bd2 20. Rd1 Rhd8 21. Bxe5 fxe5 22. Ra3 ({But not} 22. Bxh7 $2 g6 $19) 22... g6 23. Rd3 Bb4 24. Kg2 Rxd3 25. Bxd3 $11 {[%mdl 4096] Endgame KRB-KRB} Kf6 26. Kf3 Rd4 {[#] White must now prevent ...e4+!} 27. Rc1 a5 28. h4 h6 29. Ke3 Bd6 30. b3 Bb8 31. Kf3 Rb4 32. Rc3 g5 33. hxg5+ hxg5 34. Bc2 e4+ 35. Kg2 Ba7 36. e3 Bb6 37. Kh3 Ke5 38. Kg4 Bd8 39. Rc5+ Kd6 40. Rf5 b5 41. Rf8 Kd7 42. Rf7+ Be7 {The position is equal.} 43. Rh7 Ke6 44. Rh8 bxa4 45. bxa4 c5 46. Ra8 Ke5 47. Re8 Kf6 48. Ra8 Ke5 49. Re8 Kf6 50. Ra8 Ke5 {Precision: White = 60%, Black = 65%.} 1/2-1/2

[Event "RUS-ch Rapid Men 2018"]
[Site "Sochi"]
[Date "2018.10.06"]
[Round "9"]
[White "Alekseenko, Kirill"]
[Black "Nazaretyan, Tigran"]
[Result "1-0"]
[WhiteElo "2639"]
[BlackElo "2248"]
[Annotator "TA"]
[PlyCount "129"]
[EventDate "2018.10.05"]
[EventType "swiss"]
[EventCountry "RUS"]
[SourceTitle "playchess.com"]
[Source "ChessBase"]
[SourceQuality "1"]

{[%evp 19,129,0,6,0,0,0,0,-19,-16,-30,-29,-36,-18,-73,-67,-93,-83,-82,-90,-84,-35,-33,-25,-28,-25,-27,-29,-17,-27,-27,-13,-9,-9,0,0,-18,-16,-22,-4,-25,-23,-79,-25,-22,-20,-37,0,-3,0,-32,0,-50,-27,-27,0,0,0,-8,0,0,0,0,0,0,0,0,20,17,22,22,15,17,25,26,31,29,62,56,66,8,12,11,42,42,42,42,42,0,0,0,0,0,8,0,71,71,71,71,351,351,1052,935,4133,1714,29982,29983,29983,29984,29985,29986,29986,29986]} 1. e4 c5 2. Nc3 d6 3. Nf3 Nc6 4. d4 cxd4 5. Nxd4 Nf6 6. Bc4 e5 7. Nf3 h6 8. h3 Be6 {B56: Classical Sicilian: Unusual Lines} 9. Bb3 Be7 10. O-O O-O {LiveBook: 9 Games. The position is equal.} 11. Re1 (11. Qe2 Na5 12. Rd1 Nxb3 13. cxb3 Qa5 14. Be3 Rac8 15. Nd2 d5 16. exd5 Nxd5 17. Nxd5 Bxd5 {½-½ (43) Caruana,F (2808)-Vachier Lagrave,M (2796) Paris 2017}) 11... Na5 12. Qd3 Rc8 13. Bxe6 $146 ({Predecessor:} 13. Be3 Nxb3 14. axb3 a6 15. Nd2 d5 16. exd5 Nxd5 17. Nxd5 Qxd5 18. Qxd5 Bxd5 {0-1 (26) Diaz Castanet,J (2057)-Thierry,R (2303) ICCF email 2016}) 13... fxe6 14. b3 Nc6 15. a3 a6 16. Ne2 {[#]} (16. Bb2 $11 {remains equal.}) 16... d5 $1 $17 {[%cal Bd6d5,Bd5e4][%mdl 32]} 17. Ng3 {[#]} dxe4 $1 18. Qxd8 Rfxd8 19. Nxe4 Nxe4 20. Rxe4 Rd1+ 21. Re1 $1 {[%cal Re1d1]} Rxe1+ 22. Nxe1 e4 23. Be3 b5 24. Kf1 e5 25. a4 Nd4 26. axb5 axb5 27. Bxd4 exd4 $11 {[%mdl 4096] Endgame KRB-KRN} 28. f3 exf3 29. gxf3 Bh4 30. Ng2 (30. Ra5 $11 {keeps the balance.}) 30... Bg5 (30... Bg3 $17 31. Ra2 Rc3) 31. Ra2 Rc3 32. Ne1 Kf7 33. Nd3 Kg6 34. Kg2 Be3 35. Nb4 Rc5 36. h4 Kh5 37. Nd3 Rc6 38. Kh3 Rf6 39. Kg3 Rg6+ 40. Kh3 Rf6 {[#]} 41. f4 $1 {[%mdl 512]} Bxf4 42. Ra5 Bd6 43. Rxb5+ g5 44. Rd5 Bb8 45. hxg5 hxg5 46. Rxd4 g4+ 47. Kg2 Kh4 48. Rd8 Bc7 49. Rc8 (49. Rd7 $14 Bb8 50. Rb7) 49... Bb6 50. b4 Re6 51. Rh8+ Kg5 52. Rg8+ Kf5 53. c4 {And now Rf8+ would win.} Re2+ 54. Kf1 Rd2 55. c5 Bc7 56. Rf8+ Ke4 (56... Ke6 $11 57. Ne1 Kd5) 57. Nf2+ $16 Kd5 58. Rf7 Kc4 $2 {[%mdl 8192]} (58... Kc6 $16) 59. Rxc7 $18 {KRN-KR} g3 $2 (59... Kxb4 60. Nxg4 Rd5) 60. Ne4 Rd4 61. Re7 Kxb4 62. c6 {[%cal Bc5c6,Bc6c7][%mdl 32] White mates.} Rc4 63. c7 Ka5 64. Nd6 Rc1+ 65. Kg2 {Precision: White = 52%, Black = 50%.} 1-0

[Event "RUS-ch Rapid Men 2018"]
[Site "Sochi"]
[Date "2018.10.06"]
[Round "9"]
[White "Rakhmanov, Aleksandr"]
[Black "Kozak, Alexander"]
[Result "1-0"]
[WhiteElo "2634"]
[BlackElo "2262"]
[Annotator "TA"]
[PlyCount "97"]
[EventDate "2018.10.05"]
[EventType "swiss"]
[EventCountry "RUS"]
[SourceTitle "playchess.com"]
[Source "ChessBase"]
[SourceQuality "1"]

{[%evp 9,97,9,4,-4,44,4,17,10,6,0,2,-18,-8,-12,-4,-13,-8,-22,7,-4,0,-12,-12,-13,36,35,40,32,43,46,39,44,58,0,0,0,0,-11,0,0,0,0,54,0,146,131,258,0,60,74,63,64,144,0,208,197,1106,1056,1239,256,256,250,358,352,646,525,558,393,385,381,347,358,441,442,433,415,414,410,554,543,855,861,763,722,29985,29986,29992,29993,29998,29999]} 1. c4 g6 2. Nc3 Bg7 3. g3 e5 4. Bg2 Ne7 5. d3 O-O 6. h3 $146 {A21: English Opening: 1...e5 2 Nc3} ({Predecessor:} 6. e3 c6 7. e4 d6 8. Nge2 a6 9. a4 a5 10. Be3 Na6 11. O-O Be6 12. b3 d5 13. exd5 cxd5 {0-1 (33) Rozum,I (2586)-Andreikin,D (2705) Sochi 2017}) 6... f5 7. e3 c5 8. Nge2 {The position is equal.} Nbc6 9. O-O d6 10. Bd2 Be6 11. Nd5 Qd7 12. Kh2 Rab8 13. a4 g5 14. Bc3 Rf7 15. f4 gxf4 16. gxf4 Ng6 17. Ng3 exf4 18. Nh5 Bxc3 19. bxc3 Kh8 $1 20. exf4 Qd8 21. d4 (21. Ra2 $14) 21... Na5 $11 22. Qe2 $36 {[%mdl 2048] White is more active.} Bd7 23. Rf3 Qh4 24. Re3 $1 Rg8 25. dxc5 Nb3 ({Black should play} 25... dxc5 $11 26. Rg1 b6) 26. Re1 (26. Rg1 $14 dxc5 27. Bf3) 26... Nxc5 (26... dxc5 $11 {remains equal.} 27. Rg3 Na5) 27. Qd1 $16 Rgf8 (27... Nb3 $16 {might work better.}) 28. a5 $2 (28. Qd4+ $1 $18 Kg8 29. Rg3) 28... Ne4 (28... Kg8 $1 $11) 29. Bxe4 fxe4 30. Rg1 $1 ({Much weaker is} 30. Rg3 Rf5 $15) 30... Be6 {[#]} ({Better is} 30... Kg8 $14) 31. Rgg3 {[#]} (31. Reg3 $1 $16) 31... Kg8 $2 (31... Ne5 $1 $11 {[%mdl 512] and Black stays safe.}) 32. Rxe4 $18 Rf5 $2 (32... Bf5 33. Ree3 h6) 33. Rxe6 Rxh5 34. Qg4 $2 (34. Ne7+ Kg7 35. Qxd6) 34... Qxg4 35. Rxg4 Kf7 (35... Kh8 {was necessary.} 36. Rxd6 Rhf5) 36. Rxd6 Re8 $2 (36... Kg7 37. c5 a6) 37. Rd7+ Kf8 38. Rg5 Rxg5 39. fxg5 {[%mdl 4096] Endgame KRN-KRN} Re5 40. Nf6 ({Not} 40. Rxb7 Rxg5 41. Nf6 (41. Rxh7 Ne5 $11) (41. Rxa7 Nh4 $11) 41... Rxa5 $18) 40... Rxa5 41. Nxh7+ Ke8 42. Nf6+ Kf8 43. Rxb7 Ra2+ 44. Kg3 a5 45. h4 {[%cal Bh3h4,Bh4h5][%mdl 32]} Ra3 46. Nd5 {Strongly threatening h5.} a4 47. h5 {White mates.} Ne5 48. g6 {[%cal Bg5g6,Bg6g7][%mdl 32]} Rb3 49. g7+ {Precision: White = 50%, Black = 27%.} 1-0

[Event "RUS-ch Rapid Men 2018"]
[Site "Sochi"]
[Date "2018.10.06"]
[Round "9"]
[White "Lysyj, Igor"]
[Black "Gogolev, Artem"]
[Result "1-0"]
[WhiteElo "2631"]
[BlackElo "2389"]
[Annotator "TA"]
[PlyCount "74"]
[EventDate "2018.10.05"]
[EventType "swiss"]
[EventCountry "RUS"]
[SourceTitle "playchess.com"]
[Source "ChessBase"]
[SourceQuality "1"]

{[%evp 16,74,26,26,86,87,90,75,80,68,68,83,77,65,44,57,43,56,41,34,48,0,0,0,0,0,28,35,39,37,108,83,170,169,154,171,302,287,548,548,653,652,661,564,712,502,789,493,486,481,485,447,799,701,1570,1135,3780,2974,29973,3696,29981]} 1. d4 Nf6 2. c4 e6 3. Nf3 d5 4. g3 Be7 5. Bg2 O-O 6. O-O c6 7. b3 b6 8. Bb2 Bb7 9. Nc3 {LiveBook: 47 Partien. E06: Katalanisch} dxc4 (9... Nbd7 $11 {hält das Gleichgewicht.}) 10. bxc4 $16 c5 {[#]} 11. d5 $1 {Weiß steht besser.} exd5 12. Nh4 Nc6 $146 ({Vorgänger:} 12... b5 13. Nxb5 Qd7 14. Qb3 dxc4 15. Qxc4 Bxg2 16. Nxg2 Nc6 {1-0 (34) Hammer,J (2632)-Seo,J (2435) Sweden 2017}) 13. cxd5 Na5 14. Qd3 Ng4 15. Ne4 Bxh4 16. gxh4 Qxh4 {[%csl Gg4][%cal Rh4h2]} 17. h3 Nh6 $1 18. Nd6 Rad8 19. Nxb7 $40 {[%mdl 128] Schwarz muss sich nun genau verteidigen.} Nxb7 20. e4 {[%cal Be2e4,Be4e5][%mdl 32]} Nd6 21. e5 c4 22. Qf3 {[%mdl 1024] Weiss hat Kompensation.} Nb5 (22... Ndf5 $14) 23. Rae1 {Te4 ist eine echte Drohung.} c3 (23... Qg5 $16) 24. Re4 $18 ({Finger weg von} 24. Bxc3 $6 Nxc3 25. Qxc3 Nf5 $16) 24... Qg5 {[#]} 25. Bc1 $1 {[%cal Rc1g5]} Qf5 (25... Qg6 {ist wohl besser.}) 26. Qd3 Nd6 $2 (26... Nc7 {kämpft weiter.} 27. Bxh6 Nxd5 28. Bxg7 Nf4) 27. exd6 Rxd6 28. Qxc3 Rg6 {Weiss muss nun ...Dxe4 beachten.} 29. Re5 Qf6 30. Re3 Qh4 (30... Nf5 $142 31. Qxf6 gxf6) 31. Rg3 Nf5 32. Rxg6 hxg6 33. Bb2 f6 (33... Kh7 $142 34. Qc7 Qb4) 34. Re1 Rd8 35. Qc7 Rf8 36. Ba3 Ra8 37. d6 Qg5 {Precision: Weiß = 85%, Schwarz = 29%.} 1-0

[Event "RUS-ch Rapid Men 2018"]
[Site "Sochi"]
[Date "2018.10.06"]
[Round "9"]
[White "Ponkratov, Pavel"]
[Black "Kobalia, Mikhail"]
[Result "1-0"]
[WhiteElo "2628"]
[BlackElo "2620"]
[Annotator "RC"]
[PlyCount "57"]
[EventDate "2018.10.05"]
[EventType "swiss"]
[EventCountry "RUS"]
[SourceTitle "playchess.com"]
[Source "ChessBase"]
[SourceQuality "1"]
[TimeControl "900+10"]

1. e4 {[%emt 0:00:07]} c5 {[%emt 0:00:05]} 2. Nf3 {[%emt 0:00:02]} e6 {[%emt 0:00:00]} 3. d4 {[%emt 0:00:12]} cxd4 {[%emt 0:00:01]} 4. Nxd4 {[%emt 0:00:01]} Nc6 {[%emt 0:00:01]} 5. Nc3 {[%emt 0:00:32]} a6 {[%emt 0:00:01]} 6. Be2 {[%emt 0:00:17]} d6 {[%emt 0:00:13]} 7. O-O {[%emt 0:00:04]} Nf6 {[%emt 0:00:02]} 8. Kh1 {[%emt 0:00:06]} Be7 {[%emt 0:00:07]} 9. f4 {[%emt 0:00:02]} Bd7 {[%emt 0:00:02]} 10. Nf3 {[%emt 0:00:12]} Qc7 {[%emt 0:00:04]} 11. a3 {[%emt 0:00:19]} b5 {[%emt 0:00:21]} 12. Qe1 {[%emt 0:00:05]} O-O {[%emt 0:00:23]} 13. Bd3 {[%emt 0:00:09]} b4 {[%emt 0:00:29]} 14. Nd1 {[%emt 0:00:03]} bxa3 {[%emt 0:00:11]} 15. bxa3 {[%emt 0:00:01]} Na5 {[%emt 0:00:32]} 16. e5 {[%emt 0:00:27]} Nd5 {[%emt 0:00:08]} 17. Bd2 {[%emt 0:00:02]} Nc6 {[%emt 0:00:20]} 18. Nf2 {[%emt 0:00:09]} f5 {[%emt 0:01:28]} 19. exf6 {[%emt 0:00:17]} Bxf6 {[%emt 0:00:07]} 20. Rd1 {[%emt 0:00:12]} Nce7 {[%emt 0:01:54]} 21. Ne4 {[%emt 0:00:15]} Ng6 {[%emt 0:01:31]} 22. Nfg5 {[%emt 0:01:13]} e5 {[%emt 0:03:10]} 23. Nxf6+ {[%emt 0:00:41]} Rxf6 {[%emt 0:00:43]} 24. Qe4 {[%emt 0:00:58]} Nb6 {[%emt 0:01:49]} 25. Nxh7 {[%emt 0:00:47]} Kxh7 {[%emt 0:00:25]} 26. fxe5 {[%emt 0:00:01]} Rxf1+ {[%emt 0:00:12]} 27. Rxf1 {[%emt 0:00:02]} Be8 {[%emt 0:00:00]} 28. Rf8 {[%emt 0:00:24]} Qe7 {[%emt 0:00:15]} 29. Qf5 {[%emt 0:00:28]} 1-0